000 00748nam a2200289Ia 4500
005 20260324112501.0
008 008 260324s9999 xx 000 0 eng d
020 _a9781003321590
037 _aEBOOK
040 _aCRL
040 _beng
040 _cCRL
041 _2eng
041 _aeng
084 _qCRL
100 _aJessica ChenFeng; Lana Kim
_91142885
245 0 _aAsian American Identities, Relationships, and Post-Migration Legacies
245 0 _bReflections from Marriage and Family Therapists
260 _bTaylor and Francis
260 _c2024
365 _a
365 _b220
856 _uhttp://www.taylorfrancis.com/books/9781003321590
942 _cEBOOK
999 _c1732112
_d1732112